| 000 | 01012cab a2200169 4500 | ||
|---|---|---|---|
| 001 | L130567 | ||
| 008 | 050812n2005 000 0 eng u | ||
| 035 | _a(Sirsi) u130567 | ||
| 041 | _aeng | ||
| 245 | _aAchieving payment from adjudication referrals | ||
| 260 | _c2005 | ||
| 490 |
_aContract Journal _v429(6536) 3 August 2005, 38(1) |
||
| 520 | _aDiscusses the case "Geris Handelsgesellschaft GmbH v Les Construction Industrielles de la Mediterrannee SA" (HC, unreported) which considered the difficulties that may arise when adjudicators fail to decide the overall amount to be paid by one party to the other. The implication from this case is that an adjudication which results in a statement of amounts due on parts of the claims from each party may not be capable of enforcement as a money award. | ||
| 590 | _aIKA160805 | ||
| 690 | _aMANAGEMENT-DISPUTE AVOIDANCE, MANAGEMENT AND RESOLUTION-DISPUTE MANAGEMENT AND RESOLUTION-ALTERNATIVE DISPUTE RESOLUTION-ADJUDICATION-ADJUDICATION AWARDS | ||
| 942 | _n0 | ||
| 999 |
_c75705 _d75705 |
||